| 000 | 01232cad a22002535a 4500 | ||
|---|---|---|---|
| 001 | L137594 | ||
| 008 | 070417s2007 xxkd f f000 0 eng d | ||
| 020 | _a9781845322601 | ||
| 035 | _a(Sirsi) u137594 | ||
| 041 | 0 | _aeng | |
| 050 | 0 | 4 | _a333.73 $2 18 |
| 110 | 1 |
_aUnited Kingdom _bHM Treasury |
|
| 245 | 0 | 0 |
_aTax incentives for development of brownfield land _ba consultation _h[electronic resource] |
| 260 |
_aLondon _bHM Treasury _c2007 |
||
| 520 | _aDiscusses improving the effectiveness of the two tax incentives for cleaning up contaminated land, land remediation relief and the exemption from landfill tax for waste from contaminated land. Covers long term derelict land, improving the development focus, timing issues in land remediation relief, Japanese Knotweed and the landfill tax exemption for waste from contaminated land. | ||
| 590 | _aKA NTK | ||
| 650 | 2 | 4 | _aTAX RELIEF |
| 650 | 2 | 4 | _aURBAN REGENERATION |
| 650 | 2 | 4 | _aJAPANESE KNOTWEED |
| 651 | 4 |
_aUnited Kingdom _y |
|
| 690 | _aPROPERTY-RURAL AND NATURAL ASSETS-LAND-CONTAMINATED LAND | ||
| 856 | 4 | 0 |
_uhttps://www.hm-treasury.gov.uk/budget/budget_07/documents/bud_bud07_brownfield.cfm _zView the item free of charge at www.hm-treasury.gov.uk... |
| 942 | _n0 | ||
| 999 |
_c106840 _d106840 |
||